000
00317nam a2200121Ia 4500
008
190216s9999||||xx |||||||||||||| ||und||
100
_a
"Cauvery R,Sudha Nayak U K,Girija M &kruparani"
245
0
_a
Modern Economic Theory
260
_b
S Chand & Co
_c
1998
300
_a
384 p
650
_a
Economics
942
_c
BK
999
_c
10450
_d
10450